Movies Quiz

Random Movies Quiz

Films by Eric Rohmer Quiz Stats

 Plays Quiz not verified by Sporcle

Support Sporcle.
Go Orange.
Score 0/25 Timer 08:00
1 Play Today
Year Film % Correct
1970Claire's Knee
92.9%
1969My Night at Maud's
83.3%
1986Summer
78.6%
1992A Tale of Winter
63.1%
1983Pauline at the Beach
61.9%
1967La Collectionneuse
60.7%
1972Love in the Afternoon
58.3%
1990A Tale of Springtime
58.3%
1998Autumn Tale
58.3%
1996A Summer's Tale
57.1%
1981The Aviator's Wife
56%
1963The Bakery Girl of Monceau
46.4%
1984Full Moon in Paris
41.7%
Year Film % Correct
1987Boyfriends and Girlfriends
40.5%
2004Triple Agent
39.3%
1976The Marquise of O
38.1%
1982A Good Marriage
35.7%
1963Suzanne's Career
34.5%
1978Perceval
34.5%
1962The Sign of Leo
28.6%
2001The Lady and the Duke
25%
2007The Romance of Astrea and Celadon
23.8%
1993The Tree, the Mayor and the Mediatheque
19%
1995Rendezvous in Paris
15.5%
1987Four Adventures of Reinette and Mirabelle
14.3%

You're not logged in!

Compare scores with friends on all Sporcle quizzes.
OR
Log In

From the Vault

Roald Dahl Adaptations

by oldkent

A great author whose books have been well adapted.
Remove Ads.
Support Sporcle.
Get the best of Sporcle when you Go Orange. This ad-free experience offers more features, more stats, and more fun while also helping to support Sporcle. Thank you for becoming a member.

Show Comments

Extras

Created Mar 14, 2012ReportNominate
Tags:Eric

Top Quizzes Today


Score Distribution

Your Account Isn't Verified!

In order to create a playlist on Sporcle, you need to verify the email address you used during registration. Go to your Sporcle Settings to finish the process.

Report this User

Report this user for behavior that violates our Community Guidelines.

Details: